[Event "Asia Nations online Cup (Women)"]
[Site "Chess.com INT"]
[Date "2020.10.17"]
[Round "5.7"]
[White "May, Hsett Lwin"]
[Black "Mahmoud, Roula"]
[Result "1-0"]
[WhiteElo "2029"]
[BlackElo "1771"]
[PlyCount "81"]
[EventDate "2020.10.11"]
[EventType "team-swiss (rapid)"]
[EventRounds "9"]
[EventCountry "IND"]
[SourceTitle "CBM 198 Extra"]
[Source "ChessBase"]
[SourceDate "2020.11.30"]
[SourceVersion "1"]
[SourceVersionDate "2020.11.30"]
[SourceQuality "1"]
[WhiteTeam "Myanmar (W)"]
[BlackTeam "Syria (W)"]
[WhiteTeamCountry "MYA"]
[BlackTeamCountry "SYR"]

1. d4 Nf6 2. c4 d6 3. Nc3 g6 4. e4 Bg7 5. h3 0-0 6. Bd3 c6 7. Nge2 a6 8. a4 a5 9. Be3 Na6 10. 0-0 Nb4 11. Bb1 Bd7 12. Qd2 Re8 13. f4 e5 14. dxe5 dxe5 15. f5 Qc7 16. Bg5 Nh5 17. f6 Bf8 18. g4 Rad8 19. gxh5 Bc5+ 20. Kh2 Bxh3 21. Qe1 Bxf1 22. Qxf1 Qd7 23. Qf3 Qe6 24. hxg6 fxg6 25. f7+ Qxf7 26. Qxf7+ Kxf7 27. Bxd8 Rxd8 28. Ba2 Rd2 29. Kg3 Rxb2 30. Kf3 Bd4 31. Rb1 Rxa2 32. Nxa2 Nxa2 33. Rxb7+ Ke6 34. Rxh7 Nb4 35. Rg7 Kf6 36. Rc7 c5 37. Ra7 Nc6 38. Ra6 Kg5 39. Rxc6 Kh4 40. Rxg6 Kh5 41. Ra6 1-0

[Event "Asia Nations online Cup (Women)"]
[Site "Chess.com INT"]
[Date "2020.10.11"]
[Round "2.3"]
[White "Nakhbayeva, Guliskhan"]
[Black "May, Hsett Lwin"]
[Result "1-0"]
[WhiteElo "2328"]
[BlackElo "2029"]
[PlyCount "107"]
[EventDate "2020.10.11"]
[EventType "team-swiss (rapid)"]
[EventRounds "9"]
[EventCountry "IND"]
[SourceTitle "CBM 198 Extra"]
[Source "ChessBase"]
[SourceDate "2020.11.30"]
[SourceVersion "1"]
[SourceVersionDate "2020.11.30"]
[SourceQuality "1"]
[WhiteTeam "Kazakhstan (W)"]
[BlackTeam "Myanmar (W)"]
[WhiteTeamCountry "KAZ"]
[BlackTeamCountry "MYA"]

1. d4 d6 2. c4 Nf6 3. Nc3 g6 4. e4 Bg7 5. h3 c6 6. Bg5 h6 7. Be3 Nbd7 8. Bd3 e5 9. d5 c5 10. Nge2 a6 11. 0-0 0-0 12. Qd2 Kh7 13. f4 exf4 14. Bxf4 Ne8 15. Kh1 Ne5 16. Ng1 Bd7 17. Rae1 Rb8 18. Nf3 f6 19. Nxe5 fxe5 20. Be3 Nf6 21. a3 b5 22. cxb5 axb5 23. b4 Nh5 24. Rxf8 Bxf8 25. Qf2 Qe7 26. Rf1 Kg8 27. Be2 Nf4 28. Bxf4 exf4 29. bxc5 dxc5 30. Qxf4 Ra8 31. d6 Qxd6 32. Qf7+ Kh8 33. Rd1 Be6 34. Qf6+ Bg7 35. Qxg7+ Kxg7 36. Rxd6 Bc4 37. Bxc4 bxc4 38. a4 Rb8 39. Rc6 Rb3 40. Nd5 Ra3 41. Rc7+ Kf8 42. Rxc5 Rxa4 43. Rc7 g5 44. Kh2 h5 45. Nb6 Ra2 46. Nxc4 Re2 47. e5 g4 48. hxg4 hxg4 49. Kg3 Re4 50. Kh4 Re2 51. g3 Re4 52. Kg5 Rd4 53. Kf6 Ke8 54. e6 1-0